Circuitos de pulsos, digitales y de conmutación

Bibliographic Details
Main Author: Millman, Jacob
Format: Section = Libro
Language:Undetermined
Spanish
Published: La Habana Pueblo y Educación 1977
Subjects:
LEADER 00541nam a2200181Ia 4500
008 240829s9999 xx 000 0 und d
040 |a BIBLIOTECA-RUPAP 621.38153 M645 
041 |a spa 
082 |a 621.38153 M645 
100 1 |a Millman, Jacob  
245 1 0 |a Circuitos de pulsos, digitales y de conmutación 
260 |a La Habana  |b Pueblo y Educación  |c 1977 
300 |a 912 p. :il. 
650 7 |a CIRCUITOS ELECTRICOS 
650 7 |b  ELECTRONICA-DISPOSITIVOS. I. Taub, Herbert, coaut. II. Tít. 
942 |c BK  |2 ddc 
991 |a TEXTO 
999 |c 9133